| 000 | 00809nam a22002055i 4500 | ||
|---|---|---|---|
| 001 | 167181 | ||
| 003 | ES-MaACL | ||
| 005 | 20250718063339.0 | ||
| 008 | 000920s1890 sp |||| | spa d | ||
| 040 |
_aCCPB | B _bspa _cCCPB | B |
||
| 100 | 1 |
_aVentúe, Benito _eaut _9133619 |
|
| 245 | 1 | 4 |
_aUna cuestión vital : _bdatos y observaciones sobre la remolacha y su pulpa sacarina / _cpor Benito Ventúe. |
| 260 |
_aGranada : _b[s.n.], _c1890 _f(Imp. de José López Guevara) |
||
| 300 |
_a15 páginas ; _c21 cm. |
||
| 650 | 4 |
_aRemolacha azucarera. _9136823 |
|
| 852 |
_aES-MaACL _cDEPOF _hDonativo de Antonio Escobar Laredo _jT-559-F-15 _xEnc. en un vol. facticio _xHolandesa, conservando cub. original |
||
| 942 |
_2udc _cFOLLETOS _n0 |
||
| 999 |
_c167181 _d167181 |
||